| 000 | 00586nam a2200181 i 4500 | ||
|---|---|---|---|
| 001 | 29494 | ||
| 003 | ES-MaACL | ||
| 005 | 20250928133954.0 | ||
| 007 | t| | ||
| 008 | 030122s1901 sp ||||1| spa d | ||
| 100 | 1 |
_aBarceló Drijúz, Antonio. _925515 |
|
| 245 | 1 | 0 |
_aCarta abierta a Juan Ortiz del Barco en defensa del Cuerpo de auxiliares de las oficina de Marina / _cpor Antº Barceló Drijúz. |
| 260 |
_a[S.l. : _bs.n., _c1901] |
||
| 300 |
_a17 p. ; _c21 cm. |
||
| 600 | 1 | 4 |
_aOrtiz del Barco, Juan, _d1859-1914 _987611 |
| 852 |
_aES-MaACL _jT-1017-F-3 |
||
| 999 |
_c29494 _d29494 |
||